{"text_format":"2","workbook":"xlsx","n_sheets":3,"sheets":["Sheet1","Sheet2","Sheet3"],"not_rendered":{"charts":0,"images":0,"macros":0,"external_links":0,"defined_names":0,"comments":0,"pivot_tables":0},"unopened":[],"bounds":{"document_bytes":16777216,"sheet_cells":100000,"run_cost":"one","rows_first":2000,"rows_last":500,"rows_between":2000,"halvings":0,"cell_chars":16384,"cell_head_chars":4096},"cells_cut":0,"cells_raw":0,"read":"whole","date_system":"1900"}

{"sheet":"Sheet1","index":0,"n_rows":24,"n_cols":11,"rows_kept":24,"cut":false,"hidden":false,"merged":[]}
["date","billNo","buName","invNo","invName","unit","location","qty","unitPrice","amount","description"]
["2015-11-30","CG20151130001","长林电子材料厂","110013","PVC包装纸","箱","徐泾",1000,12,12000]
["2015-12-07","CG20151207001","长林电子材料厂","110011","泡棉","箱","徐泾",100,20,2000]
["2015-12-08","CG20151208001","长林电子材料厂","1001","无纺布","箱","徐泾",900,30,27000]
["2015-12-30","CG20151230001","金鑫五金厂","110013","LED灯套","箱","徐泾",5,100,500]
["2016-01-03","CG20160103001","金鑫五金厂","1002","防尘罩","箱","张江",2,100,200]
["2016-01-03","CG20160103001","金鑫五金厂","110011","1号连接线","箱","张江",1,100,100]
["2016-01-03","CG20160103001","金鑫五金厂","2001","12#线路板","吨","张江",1,9000,9000]
["2016-01-23","CG20160123001","金鑫五金厂","C00002","防尘罩","吨","张江",3,9000,27000]
["2016-02-10","CG20160210001","金鑫五金厂","1001","1号连接线","吨","张江",4,8000,32000]
["2016-02-22","CG20160222001","金鑫五金厂","A0001","12#线路板","箱","陆家嘴",8,800,6400]
["2016-03-02","CG20160302001","金鑫五金厂","1001","12#线路板","箱","陆家嘴",1,800,800]
["2016-03-24","CG20160324001","金鑫五金厂","A0001","防尘罩","箱","陆家嘴",1,500,500]
["2016-03-25","CG20160325001","金鑫五金厂","C00004","LED灯套","箱","陆家嘴",1,900,900]
["2016-03-25","CG20160325001","金鑫五金厂","1002","12#线路板","箱","陆家嘴",2,400,800]
["2016-03-25","CG20160325002","金鑫五金厂","110011","LED灯套","箱","陆家嘴",6,700,42000]
["2016-03-25","CG20160325002","金鑫五金厂","2001","1号连接线","箱","陆家嘴",5,400,2000]
["2016-04-13","CG20160413001","金鑫五金厂","110011","LED灯套","箱","陆家嘴",6,500,3000]
["2016-04-13","CG20160402001","金鑫五金厂","1001","12#线路板","箱","陆家嘴",1,800,800]
["2016-04-13","CG20160424001","金鑫五金厂","A0001","防尘罩","箱","陆家嘴",1,500,500]
["2016-04-13","CG20160425001","金鑫五金厂","C00004","LED灯套","箱","陆家嘴",1,900,900]
["2016-04-13","CG20160425001","金鑫五金厂","1002","12#线路板","箱","陆家嘴",2,400,800]
["2016-04-13","CG20160425002","金鑫五金厂","110011","LED灯套","箱","陆家嘴",6,700,42000]
["2016-04-13","CG20160425002","金鑫五金厂","2001","1号连接线","箱","陆家嘴",5,400,2000]

{"sheet":"Sheet2","index":1,"n_rows":0,"n_cols":0,"rows_kept":0,"cut":false,"hidden":false,"merged":[]}

{"sheet":"Sheet3","index":2,"n_rows":0,"n_cols":0,"rows_kept":0,"cut":false,"hidden":false,"merged":[]}